| 000 | 00827nam a2200241 i 4500 | ||
|---|---|---|---|
| 001 | bg | ||
| 100 | 1 | _aSKOCZYLAS, Janusz | |
| 245 | 1 | 0 |
_aWstęp do geologii / _cJanusz Skoczylas ; Uniwersytet im. Adama Mickiewicza w Poznania. Instytut Geologii. |
| 260 |
_aPoznań : _bWydaw. Naukowe UAM, _c1999. |
||
| 300 |
_a179, [1] s., [1] k. tabl. złoż. : _brys., wykr. ; _c24 cm. |
||
| 504 | _aBibliogr. s. 175. | ||
| 521 | _aSkrypt dla studentów I roku geografii, ochrony środowiska, turystyki i biologii. | ||
| 650 | 9 | _aGeologia | |
| 655 | _aPodręczniki akademickie | ||
| 710 | 0 |
_aUniwersytet im. Adama Mickiewicza (Poznań) _bInstytut Geologii |
|
| 020 | _a8323209405 | ||
| 040 | _cBPK | ||
| 041 | 0 | _apl | |
| 080 | _a55(075.8) | ||
| 920 | _a83-232-0940-5 | ||
| 942 | _cKS | ||
| 008 | s pl f |000 0 pol | ||
| 999 |
_c35756 _d35756 |
||
| 856 |
_uhttp://koha.tu.koszalin.pl/cgi-bin/koha/opac-detail.pl?biblionumber=35756 _yKatalog online BPK |
||